[Event "FRA-ch Youth U18 2018"]
[Site "Agen"]
[Date "2018.04.15"]
[Round "1"]
[White "Laurent-Paoli, Pierre"]
[Black "Noel, Max"]
[Result "1-0"]
[WhiteElo "2355"]
[BlackElo "1819"]
[Annotator "TA"]
[PlyCount "85"]
[EventDate "2018.??.??"]
[EventType "swiss"]
[EventCountry "FRA"]
[SourceTitle "playchess.com"]
[Source "ChessBase"]
[SourceQuality "1"]

{[%evp 22,85,55,47,207,207,207,185,189,197,218,180,197,199,182,171,165,162,199,192,186,188,221,221,223,207,215,196,291,278,312,308,305,237,295,284,293,293,292,289,282,212,364,342,341,316,297,239,565,457,414,437,415,391,673,668,607,513,542,538,574,501,640,517,637,523]} 1. d4 e6 2. Nf3 d5 3. Bf4 Nf6 4. e3 c5 5. c3 Nc6 6. Nbd2 Bd6 7. Bg3 O-O 8. Bb5 {D02: 1 d4 d5 2 Nf3 sidelines, including 2...Nf6 3 g3 and 2...Nf6 3 Bf4} a6 (8... Be7 9. Bd3 b6 10. O-O Bb7 11. h3 Bd6 12. Bh4 Be7 13. Qb1 h6 14. a3 Nh5 15. Bxe7 Qxe7 {½-½ (64) Carlsen,M (2837)-Wang,H (2709) Riadh 2017}) 9. Bxc6 bxc6 10. Qa4 Bb7 11. Bxd6 Qxd6 12. Qa3 {LiveBook: 3 Games} Ne4 $2 ({Black should play} 12... a5 $14) 13. Nxe4 $18 dxe4 {[#]} 14. Nd2 $1 (14. dxc5 $6 Qd5 $16) 14... Qd5 $146 ({Predecessor:} 14... f5 15. Nc4 Qe7 16. Qxc5 {1-0 (26) Maze,S (2614)-Tomasi,E (1720) Porticcio 2017}) 15. Qxc5 a5 16. c4 Qxc5 17. dxc5 f5 18. f3 exf3 19. Nxf3 ({But not} 19. gxf3 $6 e5 $14) 19... e5 20. Kd2 ({Don't do} 20. Nxe5 $6 Rfe8 $16) 20... Rae8 21. Kc3 Rf6 22. Rad1 Rg6 23. Nh4 Rg5 24. Rd2 e4 (24... Bc8 $142 25. Nf3 Rg4) 25. g3 {[%cal Bg2g3,Bg3f4,Bf4f5][%mdl 32]} f4 26. exf4 ({Less strong is} 26. gxf4 Rh5 $16) 26... Rxc5 27. Ng2 g5 28. Ne3 gxf4 29. gxf4 Rh5 30. Rg1+ Kf8 31. Rg3 Rh4 $2 {[#]} (31... Bc8 {might work better.} 32. Rd6 Be6) 32. f5 Rf4 33. Rd7 Bc8 34. Rxh7 Rf3 $2 (34... Bxf5 35. Rh8+ Kf7 36. Rxe8 Kxe8) 35. Rh8+ Kf7 36. Rxe8 Kxe8 {[%mdl 4096] Endgame KRB-KRN} 37. Kd4 Rf2 $2 (37... Kf7 38. Rg6 Bxf5 39. Rxc6 Rf2) 38. Rg8+ {White is clearly winning.} Kd7 39. Rg2 Rf4 40. Ke5 Rh4 41. b3 Ke7 42. c5 Ba6 43. Rg7+ {Precision: White = 87%, Black = 30%.} 1-0

[Event "FRA-ch Youth U18 2018"]
[Site "Agen"]
[Date "2018.04.15"]
[Round "1"]
[White "O'Sullivan, Thomas"]
[Black "Bremond, Abel"]
[Result "1/2-1/2"]
[WhiteElo "2291"]
[BlackElo "1817"]
[Annotator "TA"]
[PlyCount "81"]
[EventDate "2018.??.??"]
[EventType "swiss"]
[EventCountry "FRA"]
[SourceTitle "playchess.com"]
[Source "ChessBase"]
[SourceQuality "1"]

{[%evp 13,80,18,45,40,44,42,58,49,77,49,58,35,62,68,69,75,93,31,53,35,36,24,74,61,147,136,166,148,141,142,147,101,130,77,70,63,77,83,86,14,13,2,68,67,61,13,13,19,13,0,0,0,13,0,98,100,123,116,119,53,2187,2064,29995,29996,29996,29997,29998,29999,29999]} 1. d4 f5 2. c4 e6 3. Nc3 Nf6 4. Nf3 Bb4 5. Qb3 a5 6. g3 O-O {A85: Dutch Defence: 2 c4 Nf6 3 Nc3} 7. Bg2 Ne4 {LiveBook: 3 Games} (7... b6 8. Ne5 Ra7 9. O-O Bb7 10. d5 Na6 11. Nb5 Ra8 12. a3 {½-½ (54) Ponkratov,P (2589)-Morozevich,A (2683) Sochi 2016}) 8. O-O Bxc3 {White is slightly better.} 9. bxc3 d6 10. Nd2 a4 11. Qc2 Nxd2 $1 12. Bxd2 e5 $146 ({Predecessor:} 12... Nd7 13. e4 Nf6 14. e5 dxe5 15. dxe5 {1-0 (47) Novikov,S (2545)-Rettore,L (2111) Vienna 2013}) 13. c5 Nc6 14. cxd6 cxd6 15. d5 (15. e3 $16) 15... Nb8 16. Rab1 Nd7 17. Rb4 Qa5 18. Rfb1 e4 (18... Nc5 $14) 19. c4 $16 Qa6 20. Bc3 Qa7 21. Qd2 Rf7 22. Qg5 {[#] Strongly threatening Qd8+.} Qa5 23. f3 ({Better is} 23. Bd4) 23... Qc5+ 24. Kh1 exf3 25. Bxf3 Nf6 26. Qf4 ({White should try} 26. Bxf6 $16 Rxf6 27. Qf4) 26... Ne4 $1 $11 {[%cal Re4c3]} 27. Be1 g5 (27... Bd7 $11) 28. Qc1 $14 {[#] And now Bxe4 would win.} h6 29. Rb5 Qd4 30. Qb2 Qe3 31. Qc1 Qd4 $1 32. Qb2 Qe3 33. Qc2 $36 {[%mdl 2048] White is pushing.} Ra7 (33... Re7 $1 $11) 34. Qd3 $16 Nf2+ 35. Bxf2 $1 Qxf2 36. c5 (36. Qa3 $16) 36... f4 $2 {[%mdl 8192]} (36... dxc5 $14 37. Qc3 Bd7) 37. Qg6+ $18 Rg7 38. Qe8+ {White mates.} Kh7 39. Be4+ Rg6 40. Qxg6+ Kh8 41. Qh7# {[%mdl 32768] Precision: White = 48%, Black = 39%. . An unexpected result.} 1/2-1/2

[Event "FRA-ch Youth U18 2018"]
[Site "Agen"]
[Date "2018.04.15"]
[Round "1"]
[White "Rollot, Florence"]
[Black "Goeau, Aurelice"]
[Result "1-0"]
[WhiteElo "2042"]
[BlackElo "1573"]
[Annotator "NA RC"]
[PlyCount "85"]
[EventDate "2018.??.??"]
[EventType "swiss"]
[EventCountry "FRA"]
[SourceTitle "playchess.com"]
[Source "ChessBase"]
[SourceQuality "1"]
[TimeControl "5400+30"]

1. Nf3 {[%emt 0:00:00]} Nf6 {[%emt 0:00:19]} 2. c4 {[%emt 0:00:00]} g6 {[%emt 0:00:31]} 3. g3 {[%emt 0:00:00]} Bg7 {[%emt 0:00:08]} 4. Bg2 {[%emt 0:00:00]} O-O {[%emt 0:00:23]} 5. O-O {[%emt 0:00:12]} c6 {[%emt 0:03:28]} 6. Nc3 {[%emt 0:07:15]} d5 {[%emt 0:02:49]} 7. cxd5 {[%emt 0:02:05]} cxd5 {[%emt 0:03:25]} 8. d4 {[%emt 0:03:24]} Bg4 {[%emt 0:16:44] D79: Fianchetto Grünfeld: Symmetrical Variation (6 0-0 c6 7 cxd5 cxd5)} (8... Ne4 9. Ne5 Nxc3 10. bxc3 Nc6 11. Nxc6 bxc6 12. Qa4 Qb6 13. Ba3 Qa6 14. Qxa6 Bxa6 15. Rfe1 Rfe8 16. e3 {½-½ (16) Petrosian,T (2601)-Svidler,P (2765) Riadh 2017}) 9. Ne5 {[%emt 0:03:04]} Bf5 {[%emt 0:04:34]} 10. Qb3 {[%emt 0:14:50]} Nc6 {[%emt 0:03:28]} 11. Rd1 {[%emt 0:03:54]} Qc7 $146 {[%emt 0:11:37]} ({Predecessor:} 11... Na5 12. Qa4 a6 13. Bg5 b5 14. Qb4 Be6 15. Rac1 h6 16. Bxf6 exf6 {1-0 (84) Van Treeck,J-Hottgenroth,W Kleve 2000}) 12. Bf4 {[%emt 0:05:42]} Nxe5 {[%emt 0:10:57]} 13. Bxe5 {[%emt 0:01:25]} Qd7 {[%emt 0:01:30]} 14. Nxd5 {[%emt 0:01:32]} Rac8 {[%emt 0:06:21]} 15. Rac1 {[%emt 0:03:33]} b6 {[%emt 0:02:34]} 16. Nxf6+ {[%emt 0:08:27]} exf6 {[%emt 0:03:59]} 17. Bf4 {[%emt 0:02:14]} Rfd8 {[%emt 0:01:36]} 18. d5 {[%emt 0:01:32]} Qe8 {[%emt 0:04:56]} 19. Bf3 {[%emt 0:06:24]} Bf8 {[%emt 0:05:23]} 20. Bc7 {[%emt 0:00:56]} Rd7 {[%emt 0:01:35] [#]} 21. Qa4 $11 {[%emt 0:05:40]} (21. Qb5 $1 $16) 21... Bc5 {[%emt 0:04:27]} 22. d6 {[%emt 0:00:30]} Qe5 {[%emt 0:01:24]} 23. e3 {[%emt 0:06:07]} Bxd6 {[%emt 0:03:47]} 24. Bxd6 {[%emt 0:01:40]} Rxd6 {[%emt 0:00:15]} 25. Qxa7 {[%emt 0:04:26]} Rxc1 {[%emt 0:04:29]} 26. Rxc1 {[%emt 0:00:18]} Qxb2 {[%emt 0:00:39]} 27. Rc7 {[%emt 0:09:12]} Bh3 {[%emt 0:01:33]} 28. Qb8+ {[%emt 0:00:29]} Kg7 {[%emt 0:00:09]} 29. Rxf7+ {[%emt 0:01:06]} Kxf7 {[%emt 0:01:03]} 30. Qxd6 {[%emt 0:00:09]} Qb1+ {[%emt 0:00:46]} 31. Bd1 {[%emt 0:04:27]} Bg4 {[%emt 0:00:38]} 32. Qd5+ {[%emt 0:00:15]} Kg7 {[%emt 0:00:04]} 33. f3 {[%emt 0:01:42]} Bh3 {[%emt 0:00:47]} 34. Qb3 {[%emt 0:00:58]} Qc1 {[%emt 0:00:33]} 35. Qd3 {[%emt 0:00:44]} Qb2 {[%emt 0:00:26]} 36. Qc2 {[%emt 0:00:24]} Qb5 {[%emt 0:00:14]} 37. Be2 {[%emt 0:00:27]} Qa5 {[%emt 0:00:41]} 38. Kf2 {[%emt 0:00:16]} Be6 {[%emt 0:00:14]} 39. Qc7+ {[%emt 0:01:17]} Bf7 {[%emt 0:00:47]} 40. a4 {[%emt 0:01:34]} Qb4 {[%emt 0:00:37]} 41. Qd7 {[%emt 0:00:29]} Qc5 {[%emt 0:00:35]} 42. h4 {[%emt 0:00:31]} Kh6 {[%emt 0:00:33]} 43. Qxf7 {[%emt 0:00:21] Kg7 Qd7+} 1-0

[Event "FRA-ch Youth U18 2018"]
[Site "Agen"]
[Date "2018.04.15"]
[Round "1"]
[White "Bernot, Octave"]
[Black "Burri, Quentin"]
[Result "0-1"]
[WhiteElo "1819"]
[BlackElo "2405"]
[Annotator "TA"]
[PlyCount "38"]
[EventDate "2018.??.??"]
[EventType "swiss"]
[EventCountry "FRA"]
[SourceTitle "playchess.com"]
[Source "ChessBase"]
[SourceQuality "1"]

{[%evp 11,38,-4,33,-92,-82,-137,-148,-312,-325,-313,-315,-325,-316,-311,-306,-283,-283,-277,-253,-257,-265,-235,-243,-459,-465,-719,-718,-718,-704]} 1. d4 d5 2. c4 c6 3. Nc3 Nf6 4. Nf3 dxc4 5. a4 Bf5 6. Ne5 Na6 {LiveBook: 275 Games} 7. Nxc4 {D17: Slav Defence: 5 a4 Bf5: Lines with 6 Nh4 and 6 Ne5} (7. e3 $14 {keeps the upper hand.}) (7. e3 Nb4 8. Bxc4 e6 9. O-O Bd6 10. Qe2 h6 11. e4 Bh7 12. Rd1 O-O 13. Bf4 Qe7 14. Bg3 Rad8 15. Bh4 g5 16. Bg3 c5 17. dxc5 Bxc5 {½-½ (51) Aronian,L (2805)-Jobava,B (2690) Riadh 2017}) 7... Nb4 $17 8. Ne3 (8. Na3 $142) 8... Bg6 9. h3 $146 (9. g3 $17 {might work better.}) ({Predecessor:} 9. g3 Ng4 10. Bg2 Nxe3 11. Bxe3 Nc2+ 12. Kf1 Nxa1 13. Qxa1 e6 14. h4 Qa5 {1-0 (46) Cerny,M (2193)-Pletanek,J (2223) Czechia 2011}) 9... e5 $19 10. dxe5 {[#]} Nfd5 $1 {[%cal Rd5e3]} 11. Ncxd5 cxd5 {[%cal Bc6d5,Bd5d4][%mdl 32]} 12. g4 d4 13. Nf5 Bxf5 14. gxf5 Rc8 15. Bg2 Nc2+ 16. Kf1 {[#] Hoping for Rb1.} Nxa1 17. e6 $2 (17. Bxb7 {is a better defense.} Rc7 18. Ba6) 17... fxe6 {Black is clearly winning.} 18. fxe6 (18. Bxb7 $142 Rc7 19. Bf3) 18... Qc7 19. Bg5 Be7 0-1

[Event "FRA-ch Youth U18 2018"]
[Site "Agen"]
[Date "2018.04.15"]
[Round "1"]
[White "Belluire, Beatrice"]
[Black "Masalles, Coralie"]
[Result "1-0"]
[WhiteElo "1818"]
[BlackElo "1533"]
[Annotator "NA RC"]
[PlyCount "55"]
[EventDate "2018.??.??"]
[EventType "swiss"]
[EventCountry "FRA"]
[SourceTitle "playchess.com"]
[Source "ChessBase"]
[SourceQuality "1"]
[TimeControl "5400+30"]

1. e4 {[%emt 0:00:00]} e6 {[%emt 0:00:04]} 2. d4 {[%emt 0:00:00]} d5 {[%emt 0:00:05]} 3. Nc3 {[%emt 0:00:00]} Bb4 {[%emt 0:02:47]} 4. Nge2 {[%emt 0:00:00]} dxe4 {[%emt 0:04:18]} 5. a3 {[%emt 0:00:00]} Be7 {[%emt 0:01:52]} 6. Nxe4 {[%emt 0:00:00]} Nf6 {[%emt 0:00:55]} 7. Qd3 {[%emt 0:00:32]} Nc6 {[%emt 0:02:56]} 8. Bf4 {[%emt 0:00:47]} b6 {[%emt 0:05:05]} 9. O-O-O {[%emt 0:08:04]} a5 {[%emt 0:07:22]} 10. Nxf6+ {[%emt 0:15:10]} Bxf6 {[%emt 0:02:03]} 11. Qg3 {[%emt 0:01:27]} Ra7 {[%emt 0:14:30]} 12. Nc3 {[%emt 0:00:41]} Ne7 {[%emt 0:03:49]} 13. Nb5 {[%emt 0:03:22]} Nf5 {[%emt 0:12:36]} 14. Qc3 {[%emt 0:01:18]} Rb7 {[%emt 0:05:12]} 15. Bxc7 {[%emt 0:19:05]} Qd7 {[%emt 0:10:56]} 16. Be5 {[%emt 0:04:42]} Be7 {[%emt 0:04:20]} 17. g4 {[%emt 0:00:58]} Nh6 {[%emt 0:01:27]} 18. Bxg7 {[%emt 0:02:54]} Bg5+ {[%emt 0:02:10]} 19. Kb1 {[%emt 0:00:15]} Rg8 {[%emt 0:03:17]} 20. Bxh6 {[%emt 0:00:44]} Rb8 {[%emt 0:02:21]} 21. Bxg5 {[%emt 0:05:04]} Rxg5 {[%emt 0:00:26]} 22. Bg2 {[%emt 0:01:00]} Kf8 {[%emt 0:01:56]} 23. Bc6 {[%emt 0:01:22]} Qd8 {[%emt 0:01:20]} 24. f4 {[%emt 0:05:21]} Rxg4 {[%emt 0:02:33]} 25. Rhg1 {[%emt 0:00:12]} Rxg1 {[%emt 0:00:46]} 26. Rxg1 {[%emt 0:00:02]} Qf6 {[%emt 0:00:56]} 27. a4 {[%emt 0:01:03]} Qe7 {[%emt 0:02:20]} 28. Qg3 {[%emt 0:00:08]} 1-0

[Event "FRA-ch Youth U18 2018"]
[Site "Agen"]
[Date "2018.04.15"]
[Round "1"]
[White "Terrier, Tom"]
[Black "Mohammad, Fahim"]
[Result "0-1"]
[WhiteElo "1818"]
[BlackElo "2355"]
[Annotator "TA"]
[PlyCount "56"]
[EventDate "2018.??.??"]
[EventType "swiss"]
[EventCountry "FRA"]
[SourceTitle "playchess.com"]
[Source "ChessBase"]
[SourceQuality "1"]

{[%evp 14,56,25,0,12,17,24,-27,10,-52,-35,-52,-52,-41,-50,-108,-104,-206,-204,-200,-207,-197,-206,-236,-239,-333,-329,-348,-342,-392,-376,-471,-470,-527,-546,-546,-536,-544,-541,-531,-531,-568,-558,-542,-550]} 1. e4 c5 2. Nf3 Nc6 3. Bb5 g6 4. Nc3 Bg7 5. d3 e5 6. Bxc6 dxc6 7. Be3 b6 8. Qd2 {LiveBook: 11 Games. B31: Sicilian: 2...Nc6 3 Bb5 g6} Qd6 $146 ({Predecessor:} 8... Ne7 9. h3 h6 10. Ne2 Qc7 11. O-O-O Be6 12. Kb1 O-O-O 13. Qc3 Rhg8 14. Bc1 a5 15. a4 f5 {1-0 (56) Maximov,D (2506)-Mamedov,R (2660) Pardubice 2010}) 9. O-O Ne7 {[%cal Bg8e7,Be7f5,Bf5d4][%mdl 32]} 10. Rad1 (10. Bh6 $142 O-O 11. h3) 10... O-O 11. Bh6 (11. h3 $11) 11... Bg4 $15 12. Bxg7 Kxg7 13. Qe3 f5 14. exf5 (14. h3 $15 f4 15. Qe2 Bxf3 16. Qxf3) 14... Nxf5 $17 15. Qxe5+ (15. Qe4 $17 {is the only way for White.} Bxf3 16. Qxf3) 15... Qxe5 $19 16. Nxe5 Bxd1 17. Rxd1 Nd4 18. Rc1 Rae8 19. Ng4 {[#]} Nxc2 $1 {[%mdl 512]} 20. Ne4 (20. Rxc2 Re1#) 20... Nb4 21. Rd1 Rd8 22. Ne5 Rd5 {Black is clearly winning.} 23. a3 Rxe5 24. axb4 cxb4 25. Kf1 c5 26. Ke2 Rd8 27. b3 Red5 28. f3 a5 {Precision: White =  7%, Black = 63%.} 0-1

[Event "FRA-ch Youth U18 2018"]
[Site "Agen"]
[Date "2018.04.15"]
[Round "1"]
[White "Perrin, Sophie"]
[Black "Lomandong, Noela-Joyce"]
[Result "0-1"]
[WhiteElo "1620"]
[BlackElo "2053"]
[Annotator "NA RC"]
[PlyCount "72"]
[EventDate "2018.??.??"]
[EventType "swiss"]
[EventCountry "FRA"]
[SourceTitle "playchess.com"]
[Source "ChessBase"]
[SourceQuality "1"]
[TimeControl "5400+30"]

1. c4 {[%emt 0:00:00]} g6 {[%emt 0:00:12]} 2. Nc3 {[%emt 0:00:10]} Bg7 {[%emt 0:00:10]} 3. Nf3 {[%emt 0:02:00]} d6 {[%emt 0:02:31]} 4. g3 {[%emt 0:01:30]} Nc6 {[%emt 0:02:34]} 5. Bg2 {[%emt 0:01:28]} e5 {[%emt 0:01:12]} 6. O-O {[%emt 0:07:06]} Nge7 {[%emt 0:01:24]} 7. Rb1 {[%emt 0:05:20]} Be6 {[%emt 0:07:53] LiveBook: 4 Games A25: English Opening vs King's Indian with ...Nc6 but without early d3} (7... a5 8. a3 O-O 9. d3 Nd4 10. Bg5 h6 11. Bxe7 Qxe7 12. b4 axb4 13. axb4 c6 14. b5 Ra3 15. bxc6 bxc6 16. Nxd4 exd4 17. Ne4 d5 {½-½ (116) Adhiban,B (2636)-Deac,B (2437) Zalakaros 2015}) 8. d3 {[%emt 0:01:59]} h6 {[%emt 0:00:52]} 9. b4 {[%emt 0:06:31]} Qc8 $146 {[%emt 0:09:09]} ({Predecessor:} 9... Qd7 10. b5 Nd8 11. Nd2 Bh3 12. Bxh3 Qxh3 13. Nd5 Ne6 14. Qa4 b6 15. e3 Nf5 16. Qd1 h5 17. Ne4 Ne7 18. Ndf6+ Bxf6 19. Nxf6+ {1-0 (41) Bakalchuk,J (2389)-Chernomordik,P (2254) Tiberias 2016}) 10. b5 {[%emt 0:08:04]} Nb8 {[%emt 0:02:15]} 11. a4 {[%emt 0:04:00]} Bh3 {[%emt 0:01:01]} 12. Nd5 {[%emt 0:10:12]} Bxg2 {[%emt 0:01:06]} 13. Kxg2 {[%emt 0:04:42]} Nd7 {[%emt 0:11:52]} 14. Nxe7 {[%emt 0:18:21]} Kxe7 {[%emt 0:00:25]} 15. Ba3 {[%emt 0:01:58]} a6 {[%emt 0:03:33]} 16. Qc2 $11 {[%emt 0:07:36]} Nc5 {[%emt 0:06:31]} 17. b6 {[%emt 0:04:31]} c6 {[%emt 0:06:38]} 18. a5 {[%emt 0:03:06]} Ne6 {[%emt 0:00:45]} 19. c5 {[%emt 0:05:12]} d5 {[%emt 0:00:13]} 20. Bb2 {[%emt 0:01:06]} f6 {[%emt 0:02:42]} 21. e3 {[%emt 0:02:47]} g5 {[%emt 0:05:36]} 22. h3 {[%emt 0:01:11]} h5 {[%emt 0:05:18]} 23. Rh1 {[%emt 0:01:05]} Kf7 {[%emt 0:00:53]} 24. Rh2 {[%emt 0:00:46]} Qf8 {[%emt 0:04:09]} 25. Rhh1 {[%emt 0:00:39]} Qxc5 {[%emt 0:02:15]} 26. Qd2 {[%emt 0:00:46]} Qd6 {[%emt 0:01:55]} 27. Rhd1 {[%emt 0:00:46]} Bf8 {[%emt 0:00:37]} 28. d4 {[%emt 0:00:32]} e4 {[%emt 0:00:12]} 29. Ne1 {[%emt 0:00:04]} Be7 {[%emt 0:00:27]} 30. f3 {[%emt 0:00:59]} h4 {[%emt 0:00:45]} 31. Qf2 {[%emt 0:00:23]} hxg3 {[%emt 0:03:56]} 32. Qxg3 {[%emt 0:00:06]} Qd7 {[%emt 0:00:03]} 33. Bc3 {[%emt 0:00:56]} Rag8 {[%emt 0:00:41]} 34. Nc2 {[%emt 0:00:31]} Nf4+ {[%emt 0:00:23]} 35. Kf2 {[%emt 0:00:32]} Rxh3 {[%emt 0:00:11]} 36. Qg4 {[%emt 0:00:31]} Rxf3+ {[%emt 0:00:08]} 0-1

[Event "FRA-ch Youth U18 2018"]
[Site "Agen"]
[Date "2018.04.15"]
[Round "1"]
[White "Prochazka, Margot"]
[Black "Salvador, Lucie"]
[Result "1/2-1/2"]
[WhiteElo "1546"]
[BlackElo "1955"]
[Annotator "NA RC"]
[PlyCount "76"]
[EventDate "2018.??.??"]
[EventType "swiss"]
[EventCountry "FRA"]
[SourceTitle "playchess.com"]
[Source "ChessBase"]
[SourceQuality "1"]
[TimeControl "5400+30"]

1. e4 {[%emt 0:00:00]} e6 {[%emt 0:00:04]} 2. d4 {[%emt 0:00:00]} d5 {[%emt 0:00:04]} 3. e5 {[%emt 0:00:05]} c5 {[%emt 0:00:05]} 4. c3 {[%emt 0:00:40]} Qb6 {[%emt 0:00:46]} 5. Nf3 {[%emt 0:01:27]} Nc6 {[%emt 0:00:19]} 6. Be2 {[%emt 0:03:51]} Nh6 {[%emt 0:05:52]} 7. Na3 {[%emt 0:05:36]} cxd4 {[%emt 0:03:50]} 8. cxd4 {[%emt 0:03:51]} Nf5 {[%emt 0:04:56]} 9. Nc2 {[%emt 0:07:11]} Be7 {[%emt 0:05:00]} 10. O-O {[%emt 0:02:23]} O-O {[%emt 0:03:25]} 11. b3 {[%emt 0:05:09]} f6 {[%emt 0:04:19]} 12. g4 {[%emt 0:13:33]} Nh6 {[%emt 0:00:14]} 13. Bxh6 {[%emt 0:00:24]} ({White has to play} 13. exf6 $16 Rxf6 14. g5 Rxf3 15. Bxf3) 13... gxh6 {[%emt 0:00:07]} 14. Qd2 {[%emt 0:08:51]} fxe5 {[%emt 0:09:17]} 15. dxe5 {[%emt 0:01:30]} Kg7 {[%emt 0:01:42]} 16. Kh1 {[%emt 0:07:49]} Bd7 {[%emt 0:04:53]} 17. g5 $11 {[%emt 0:02:45]} h5 {[%emt 0:08:37]} 18. Ncd4 {[%emt 0:08:16]} Rf7 {[%emt 0:09:34]} 19. Nxc6 {[%emt 0:09:49]} bxc6 {[%emt 0:06:56]} 20. Nd4 {[%emt 0:02:23]} c5 {[%emt 0:09:35]} 21. Nc2 {[%emt 0:00:53]} Raf8 {[%emt 0:04:01]} 22. Bxh5 {[%emt 0:03:25]} Rf4 {[%emt 0:00:17]} 23. f3 {[%emt 0:04:43]} Bxg5 {[%emt 0:06:39]} 24. Rg1 {[%emt 0:00:48]} h6 {[%emt 0:00:05]} 25. Raf1 {[%emt 0:00:58]} d4 {[%emt 0:02:29]} 26. Ne1 {[%emt 0:01:10]} Kh8 {[%emt 0:02:54]} 27. Qd3 {[%emt 0:01:59]} Bb5 {[%emt 0:02:02]} 28. Qg6 {[%emt 0:01:39]} Rg8 {[%emt 0:00:26]} 29. Qc2 {[%emt 0:00:26]} Bxf1 {[%emt 0:01:03]} 30. Rxf1 {[%emt 0:00:16]} Rh4 {[%emt 0:01:26]} 31. Bg4 {[%emt 0:00:46]} Bf4 {[%emt 0:01:07]} 32. h3 {[%emt 0:00:18]} Qc6 {[%emt 0:01:01]} 33. Ng2 {[%emt 0:00:28]} Rgxg4 {[%emt 0:00:36]} 34. fxg4 {[%emt 0:00:12]} Rxh3+ {[%emt 0:00:28]} 35. Kg1 {[%emt 0:00:08]} Bh2+ {[%emt 0:00:26]} 36. Kh1 {[%emt 0:00:59]} d3 {[%emt 0:01:15]} 37. Qd1 {[%emt 0:01:08]} Bxe5+ {[%emt 0:00:33]} 38. Kg1 {[%emt 0:00:11]} Bd4+ {[%emt 0:00:27]} 1/2-1/2

[Event "FRA-ch Youth U18 2018"]
[Site "Agen"]
[Date "2018.04.16"]
[Round "2"]
[White "Burri, Quentin"]
[Black "Tahay, Romain"]
[Result "1-0"]
[WhiteElo "2405"]
[BlackElo "2019"]
[Annotator "TA"]
[PlyCount "63"]
[EventDate "2018.??.??"]
[EventType "swiss"]
[EventCountry "FRA"]
[SourceTitle "playchess.com"]
[Source "ChessBase"]
[SourceQuality "1"]

{[%evp 21,63,0,50,0,0,0,104,38,151,158,185,175,164,178,213,213,214,215,218,178,177,179,169,73,72,0,0,0,15,0,0,-21,624,623,578,53,29992,790,1022,866,29994,918,29976,29974]} 1. e4 c5 2. Nf3 Nc6 3. Nc3 d6 4. d4 cxd4 5. Nxd4 Nf6 6. Bg5 e6 7. Qd2 a6 8. O-O-O h6 9. Nxc6 bxc6 10. Bf4 d5 11. Qe3 Qa5 {LiveBook: 108 Games} 12. Be5 $146 {Black must now prevent Bxf6. B66: Sicilian: Richter-Rauzer: 7...a6 8 0-0-0 h6} ({Predecessor:} 12. Be2 dxe4 13. Nxe4 Nd5 14. Qg3 Qxa2 15. c4 Qa1+ 16. Kc2 Qa4+ 17. Kb1 Nb4 18. Nc3 Qc2+ 19. Ka1 Qf5 {1-0 (33) Van Oosterom,J (2777)-Walsh,H (2649) ICCF email 2005}) 12... Be7 13. Qg3 dxe4 (13... O-O $11) 14. Bxf6 (14. Qxg7 Rg8 $17) (14. Be2 $1 $16) 14... Bxf6 ({Better is} 14... gxf6 $14 15. Nxe4 Kf8) 15. Nxe4 $16 Qxa2 16. Nxf6+ gxf6 17. Qc3 $1 {[%cal Rc3c6]} Qa4 18. Kb1 $1 {[%mdl 1024] White has strong compensation.} ({Don't play} 18. Qxf6 $6 Qa1+ 19. Kd2 Qa5+ 20. Ke3 Qg5+ 21. Qxg5 hxg5 $14) 18... e5 19. Bc4 $1 $40 {[%mdl 128] White wants a kill.} Bf5 20. Bb3 Qb5 21. Qf3 e4 22. Qe3 (22. Qc3 $18 O-O 23. Qxf6) 22... a5 23. Rd4 ({White should try} 23. g4 $16 a4 24. gxf5 axb3 25. cxb3 (25. Qxe4+ Kf8 $14)) 23... a4 $11 24. Bc4 Qe5 $1 25. g4 Bg6 $1 26. Rhd1 a3 $2 {[%mdl 8192] [#]} (26... Kf8 $11) 27. Qxa3 $1 $18 {[%mdl 512]} Rb8 (27... Rxa3 28. Rd8+) 28. Bb3 $2 (28. Rd7 $18) 28... Qb5 $2 {[%mdl 8192]} (28... Qe7 $14) 29. Rd7 (29. Qd6 $142 Qb7 30. Qxf6 Qc7 31. Bxf7+ $1 {[%mdl 512]} Bxf7 32. Qxh8+ Bg8 33. Qxg8+ Ke7 34. Rxe4+ Qe5 35. Rxe5+ Kf6 36. Re6#) 29... Qe5 30. Ba4 e3 {[#]} 31. Bxc6 (31. Rd8+ $142 $1 {[%mdl 512]} Rxd8 32. Bxc6+ Rd7 33. Qa8+ Qb8 34. Qxb8+ Ke7 35. Rxd7+ Ke6 36. Qd6#) 31... Bxc2+ 32. Kxc2 {Precision: White = 24%, Black = 26%.} 1-0